Biggest sources of immigrants to Oregon - Statistics

General Stats
  • This quiz has been taken 30 times
  • The average score is 8 of 10
Answer Stats
Hint Answer % Correct
143,225 Mexico
100%
23,978 China
91%
20,712 India
91%
5,564 Japan
86%
12,438 United Kingdom
86%
8,783 Korea
82%
21,257 Vietnam
82%
15,264 Canada
77%
8,674 Germany
68%
15,664 Philippines
68%
No matching quizzes found
Score Distribution
Percent of People with Each Score
Percentile by Number Answered
Your Score History
You have not taken this quiz